| 000 | 00708nas a22001937i 4500 | ||
|---|---|---|---|
| 001 | 6364 | ||
| 003 | OSt | ||
| 005 | 20170126082355.0 | ||
| 007 | tu | ||
| 008 | 161220s xxu||||| |||| 00| 0 d | ||
| 024 | 7 |
_a6364 _2RID |
|
| 024 | 7 |
_a6364 _2RSN (alt) |
|
| 040 | _cOSt | ||
| 245 | 0 | 0 | _aThe Journal of East and West Studies |
| 260 |
_aSeoul : _bThe Institute of East and West Studies. |
||
| 110 | 2 | _aThe Institute of East and West Studies, Yonsei University | |
| 866 | 0 | _u1991 20/1 - 1996 25/1 (unvollständig) | |
| 866 | 0 | _uBestände unvollständig<br><br>vorhanden:<br>1991 20/1-2<br>1992 21/1-2<br>1993 22/1-2<br>1994 23/1<br>1995 24/1<br>1996 25/1<br><br>fehlende Bestände:<br>1994 23/2<br>1995 24/2<br>1996 25/2 | |
| 942 | _cJ | ||
| 999 |
_c5952 _d5952 |
||